| 000 | 00800cam a2200253 a 4500 | ||
|---|---|---|---|
| 001 | 12348054 | ||
| 003 | OSt | ||
| 005 | 20151008144648.0 | ||
| 008 | 010315s2001 njua b 001 0 eng | ||
| 010 | _a 2001266025 | ||
| 020 | _a0130895717 (pbk.) | ||
| 040 |
_aDLC _cDLC _dDLC |
||
| 050 | 0 | 0 |
_aQA 76.73.C153 _b.M251 2011 |
| 100 | 1 |
_aMalik, D.S. _d1945- |
|
| 245 |
_aC++ programming : _bproblem analysis to program design / _cD.S. Malik. |
||
| 260 |
_aAndover : _bCengage, _c2011. |
||
| 300 |
_a1032 pages : _billustrations ; _c24 cm. |
||
| 500 | _aIncludes appendix and index. | ||
| 650 | 0 | _aC++ (Computer program language) | |
| 906 |
_a7 _bcbc _corigcop _d2 _encip _f20 _gy-gencatlg |
||
| 942 |
_2lcc _cBK _kFOR |
||
| 999 |
_c288836 _d288836 |
||